Catalog

Record Details

Catalog Search



Available copies

  • 1 of 1 copy available at LARL/NWRL Consortium.
  • 1 of 1 copy available at Northwest Regional Library. (Show preferred library)

Current holds

0 current holds with 1 total copy.

Show Only Available Copies
Location Call Number / Copy Notes Barcode Shelving Location Status Due Date
Thief River Falls Public Library ya 921 OGL (Text) 35500006847063 Main Available -

Record details

  • ISBN: 9781324019923
  • ISBN: 1324019921
  • Physical Description: 264 pages ; 22 cm
  • Edition: First edition.
  • Publisher: New York, New York : Norton Young Readers, an Imprint of W. W. Norton & Company, [2024]

Content descriptions

Summary, etc.:
"This final, essential chapter in Rex Ogle's ... Read More
Target Audience Note:
Ages 13-18 Norton Young Readers.
9 and up.
Subject: Ogle, Rex > Juvenile literature.
Ogle, Rex > Childhood and youth > Juvenile literature.
Poor teenagers > United States > Biography > Juvenile literature.
Low-income high school students > United States > Biography > Juvenile literature.
Coming out (Sexual orientation) > United States > Biography > Juvenile literature.
Gay teenagers > United States > Biography.
Homeless teenagers > United States > Biography.
Coming out (Sexual orientation)
Homophobia.
Parental rejection.
Man-man relationships.
Young adult literature.
Ogle, Rex.
Ogle, Rex > Childhood and youth.
Poor teenagers.
Low-income high school students.
Coming out.
YOUNG ADULT NONFICTION / Social Topics / Physical & Emotional Abuse (see also Social Topics / Sexual Abuse).
YOUNG ADULT NONFICTION / Social Topics / Homelessness & Poverty.
YOUNG ADULT NONFICTION / Biography & Autobiography / General.
SOCIAL SCIENCE / Sociology / General.
Low-income high school students
Poor teenagers
United States
Coming out.
LGBTQ+ youth.
Gay youth.
Genre: Biographies
Juvenile works
Autobiographies.
LDR 04269cam a2200865 i 4500
001456153
003LARL_NWRL_CONSORTIUM
00520250211153925.0
008230923t20242024nyu d 000 0aeng d
040 . ‡aYDX ‡beng ‡erda ‡cYDX ‡dBDX ‡dTOH ‡dBKL ‡dOCLCO ‡dJAS ‡dDMM ‡dIMD ‡dIHI ‡dIG# ‡dCHILD
020 . ‡a9781324019923 ‡q(hardcover)
020 . ‡a1324019921 ‡q(hardcover)
035 . ‡a(OCoLC)1398568305
08204. ‡a362.7/7569092 ‡aB ‡223
1001 . ‡aOgle, Rex, ‡eauthor.
24510. ‡aRoad home / ‡cRex Ogle.
250 . ‡aFirst edition.
264 1. ‡aNew York, New York : ‡bNorton Young Readers, an Imprint of W. W. Norton & Company, ‡c[2024]
264 4. ‡c©2024
300 . ‡a264 pages ; ‡c22 cm
336 . ‡atext ‡btxt ‡2rdacontent
337 . ‡aunmediated ‡bn ‡2rdamedia
338 . ‡avolume ‡bnc ‡2rdacarrier
520 . ‡a"This final, essential chapter in Rex Ogle's memoir trilogy recounts being forced from his home and living on the streets after his father discovered he was gay. When Rex was outed the summer after he graduated high school, his father gave him a choice: he could stay at home, find a girlfriend, and attend church twice a week, or he could be gay--and leave. Rex left, driving toward the only other gay man he knew and a toxic relationship that would ultimately leave him homeless and desperate on the streets of New Orleans. Here, Rex tells the story of his coming out and his father's rejection of his identity, navigating abuse and survival on the streets. Road Home is a devastating and incandescent reflection on Rex's hunger--for food, for love, and for a place to call home--completing the trilogy of memoirs that began with the award-winning Free Lunch."-- ‡cProvided by publisher.
5211 . ‡aAges 13-18 ‡bNorton Young Readers.
5212 . ‡a9 and up.
60010. ‡aOgle, Rex ‡vJuvenile literature.
60010. ‡aOgle, Rex ‡xChildhood and youth ‡vJuvenile literature.
650 0. ‡aPoor teenagers ‡zUnited States ‡vBiography ‡vJuvenile literature.
650 0. ‡aLow-income high school students ‡zUnited States ‡vBiography ‡vJuvenile literature.
650 0. ‡aComing out (Sexual orientation) ‡zUnited States ‡vBiography ‡vJuvenile literature.
650 0. ‡aGay teenagers ‡zUnited States ‡vBiography.
650 0. ‡aHomeless teenagers ‡zUnited States ‡vBiography.
650 0. ‡aComing out (Sexual orientation) ‡0(LARL_NWRL_CONSORTIUM)37877
650 0. ‡aHomophobia. ‡0(LARL_NWRL_CONSORTIUM)36800
650 0. ‡aParental rejection.
650 0. ‡aMan-man relationships.
650 0. ‡aYoung adult literature. ‡0(LARL_NWRL_CONSORTIUM)35108
60011. ‡aOgle, Rex.
60011. ‡aOgle, Rex ‡xChildhood and youth.
650 1. ‡aPoor teenagers.
650 1. ‡aLow-income high school students.
650 1. ‡aComing out.
650 7. ‡aYOUNG ADULT NONFICTION / Social Topics / Physical & Emotional Abuse (see also Social Topics / Sexual Abuse). ‡2bisacsh
650 7. ‡aYOUNG ADULT NONFICTION / Social Topics / Homelessness & Poverty. ‡2bisacsh
650 7. ‡aYOUNG ADULT NONFICTION / Biography & Autobiography / General. ‡2bisacsh
650 7. ‡aSOCIAL SCIENCE / Sociology / General. ‡2bisacsh
650 7. ‡aLow-income high school students ‡2fast
650 7. ‡aPoor teenagers ‡2fast
651 7. ‡aUnited States ‡2fast ‡0(LARL_NWRL_CONSORTIUM)54625
650 7. ‡aComing out. ‡2homoit
650 7. ‡aLGBTQ+ youth. ‡2homoit
650 7. ‡aGay youth. ‡2homoit ‡0(LARL_NWRL_CONSORTIUM)36896
655 7. ‡aBiographies ‡2fast
655 7. ‡aJuvenile works ‡2fast
655 7. ‡aAutobiographies. ‡2lcgft
901 . ‡a456153 ‡bAUTOGEN ‡c456153 ‡tbiblio

Additional Resources